| 000 | 01638nam a2200433Ii 4500 | ||
|---|---|---|---|
| 001 | DIGMILE0110 | ||
| 003 | NyNyDIG | ||
| 008 | 161219s2013 sp ob 000 0 spa d | ||
| 006 | m o d | ||
| 007 | cr ||||||||||| | ||
| 035 | _a(OCoLC)863714866 | ||
| 040 |
_aDGITA _beng _erda _epn _cDGITA |
||
| 020 |
_a9788497435314 _q(eBook ; _qpdf) |
||
| 020 |
_a8497435311 _q(eBook ; _qpdf) |
||
| 020 |
_a9788497435307 _q(eBook ; _qePub) |
||
| 020 |
_a8497435303 _q(eBook ; _qePub) |
||
| 020 | _z9788497433792 | ||
| 020 | _z8497433793 | ||
| 050 | 1 | 4 | _aBF637.S4 eBook |
| 100 | 1 |
_aMartínez Primo, Carme, _eauthor. |
|
| 245 | 1 | 3 |
_aEl laberinto de las luciérnagas : _bel despertar de la conciencia universal / _cCarme Martínez Primo. |
| 250 | _aPrimera edición digital. | ||
| 264 | 1 |
_aLleida : _bEditorial Milenio, _c[2013] |
|
| 300 | _a1 online resource. | ||
| 336 |
_atext _btxt _2rdacontent |
||
| 337 |
_acomputer _bc _2rdamedia |
||
| 338 |
_aonline resource _bcr _2rdacarrier |
||
| 504 | _aIncludes bibliographical references. | ||
| 588 | 0 | _aOnline resource; title from PDF title page (Digitalia, viewed December 19, 2016) | |
| 650 | 0 | _aSocial psychology. | |
| 650 | 0 | _aSelf-actualization (Psychology) | |
| 655 | 0 | _aElectronic books. | |
| 791 | 2 |
_aDigitalia (Firm), _edistributor. |
|
| 793 | 0 |
_gDigitalia eBook Collection: _aEditorial Milenio. |
|
| 776 | 0 | 8 |
_iPrint version: _aMartínez Primo, Carme. _tLaberinto de las luciérnagas. _dLleida : Editorial Milenio, 2010. _z9788497433792 |
| 856 | 4 | 0 |
_3Digitalia Hispánica _uhttps://www.digitaliapublishing.com/a/21258/ |
| 910 | _aPremium Collection: 2016 | ||
| 942 | _cRAA | ||
| 999 |
_c237354 _d237354 |
||